Statystyki dla Najbardziej wartościowe kluby w Ameryce Południowej.

Kliknij tutaj aby rozwiązać quiz!

Ogólne statystyki

  • Ten quiz został rozwiązany 33 razy
  • Średni wynik to 5 z 10

Statystyki odpowiedzi

#KlubPochodzenieWartość rynkowa% Poprawnych
8Boca Juniors
79,10 mln €
80%
2Flamengo
156,25 mln €
80%
10Santos
74,60 mln €
80%
5River Plate
96,05 mln €
73%
4Corinthians
102,90 mln €
63%
1Palmeiras
174,70 mln €
47%
7Sao Paulo
81,85 mln €
43%
9Botafogo
75,40 mln €
30%
3Atletico Mineiro
121,80 mln €
23%
6RB Bragantino
86,15 mln €
0%

Rozkład punktacji

Percentyl według liczby udzielonych odpowiedzi

Procent ludzi z każdym wynikiem

Twoja historia wyników

Nie rozwiązałeś tego quizu